Представление документа в формате MARC21

Поле Инд. ПП Название Значение
Тип записи a
Библиографический уровень m
001 Контрольный номер RU/IS/BASE/406038726
005 Дата корректировки 20140123202113.2
040 a Служба первич. каталог. НБ ТвГУ
b Код языка каталог. rus
e Правила каталог. PSBO
041 0_ a Код языка текста rus
080 a Индекс УДК 378.1
084 a Индекс другой классификации/Индекс ББК Ч448.0
090 a Полочн. индекс Ч481.0
x Авторский знак А 38
245 10 a Заглавие Академическая группа - основа формирования будущего специалиста
b Продолж. заглавия методические рекомендации
c Ответственность Морд. гос. ун-т им. Н. П. Огарева ; отв. ред. И. Л. Наумченко
260 a Место издания Саранск
b Издательство [б. и.]
c Дата издания 1980
300 a Объем 66 с.
b Иллюстрации/ тип воспроизводства табл.
504 a Библиография Библиогр.: с. 64-65
653 1_ a Ключевые слова Высшая школа
a Ключевые слова Педагогика высшей школы
700 a Другие авторы Наумченко, Иван Леонтьевич
e Роль лиц отв. ред.
901 t Тип документа m
920 a Оператор Рунт
954 a Дата поступления на обработку 20121112